UM Logo

Sisterhood everlasting : (Record no. 5793)

MARC details
000 -LEADER
fixed length control field 00932cam a2200289 i 4500
001 - CONTROL NUMBER
control field 17192426
005 - DATE AND TIME OF LATEST TRANSACTION
control field 20161119143000.0
008 - FIXED-LENGTH DATA ELEMENTS--GENERAL INFORMATION
fixed length control field 120302s2012 nyu 000 1 eng
010 ## - LIBRARY OF CONGRESS CONTROL NUMBER
LC control number 2011534664
020 ## - INTERNATIONAL STANDARD BOOK NUMBER
International Standard Book Number 978-0-385-52123-9 (pbk.)
040 ## - CATALOGING SOURCE
Original cataloging agency DLC
Language of cataloging eng
Transcribing agency DLC
Description conventions rda
042 ## - AUTHENTICATION CODE
Authentication code pcc
050 00 - LIBRARY OF CONGRESS CALL NUMBER
Classification number PS3602.R385
Item number S57 2012
082 00 - DEWEY DECIMAL CLASSIFICATION NUMBER
Classification number DFic
Edition number 2012
Item number B73s
100 1# - MAIN ENTRY--PERSONAL NAME
Personal name Brashares, Ann.
245 10 - TITLE STATEMENT
Title Sisterhood everlasting :
Remainder of title a novel /
Statement of responsibility, etc. Ann Brashares.
250 ## - EDITION STATEMENT
Edition statement Random House Trade Paperbacks edition.
260 ## - PUBLICATION, DISTRIBUTION, ETC. (IMPRINT)
Place of publication, distribution, etc. New York :
Name of publisher, distributor, etc. Random House Trade Paperbacks,
Date of publication, distribution, etc. 2012.
300 ## - PHYSICAL DESCRIPTION
Extent xii, 364 pages ;
Dimensions 21 cm.
650 #0 - SUBJECT ADDED ENTRY--TOPICAL TERM
Topical term or geographic name as entry element Female friendship
Form subdivision Fiction.
650 #0 - SUBJECT ADDED ENTRY--TOPICAL TERM
Topical term or geographic name as entry element Interpersonal relations
Form subdivision Fiction.
650 #0 - SUBJECT ADDED ENTRY--TOPICAL TERM
Topical term or geographic name as entry element Life change events
Form subdivision Fiction.
655 #7 - INDEX TERM--GENRE/FORM
Genre/form data or focus term Bildungsromans.
Source of term gsafd
906 ## - LOCAL DATA ELEMENT F, LDF (RLIN)
a 7
b cbc
c orignew
d 2
e ncip
f 20
g y-gencatlg
942 ## - ADDED ENTRY ELEMENTS (KOHA)
Source of classification or shelving scheme Dewey Decimal Classification
Koha item type Fiction
Holdings
Withdrawn status Lost status Source of classification or shelving scheme Damaged status Not for loan Collection code Home library Current library Shelving location Date acquired Source of acquisition Total Checkouts Full call number Barcode Date last seen Date last checked out Copy number Price effective from Koha item type
    Dewey Decimal Classification     Fiction UM Digos College - LIC UM Digos College - LIC Book Cart 10/27/2016 Purchased 12 DFic B73s 2012 24638 05/15/2025 11/21/2019 1 11/19/2016 Fiction